| 000 | 00550cam a2200145 4500500 | ||
|---|---|---|---|
| 005 | 20260208002337.0 | ||
| 041 | _afre | ||
| 042 | _adc | ||
| 100 | 1 | 0 |
_aDegorce, Alice _eauthor |
| 245 | 0 | 0 | _aKatrin Langewiesche, Mobilité religieuse. Changements religieux au Burkina Faso, Münster, LIT Verlag, 2003, 483 p., bibl., ill., tabl., cartes |
| 260 | _c2005. | ||
| 500 | _a54 | ||
| 786 | 0 | _nL'Homme | 173 | 1 | 2005-01-01 | p. 199t-283t | 0439-4216 | |
| 856 | 4 | 1 | _uhttps://shs.cairn.info/revue-l-homme-2005-1-page-199t?lang=fr&redirect-ssocas=7080 |
| 999 |
_c1645933 _d1645932 |
||